Popularne albumy rap/trap tygodnia 23-29.04 - Statystyki

Ogólne statystyki
  • Ten quiz został rozwiązany 8 razy
  • Średni wynik to 12 z 15
Statystyki odpowiedzi
Wykonawca Data Wydania Album % Poprawnych
Mata 17 stycznia 2020 100 dni do matury
100%
Sobel 16 kwietnia 2021 Pułapka Na Motyle
100%
SB Maffija 8 czerwca 2020 Hotel Maffija
88%
Guzior 4 grudnia 2020 PLEŚŃ
88%
Bedoes & Lanek 15 stycznia 2021 Rewolucja Romantyczna
88%
White 2115 31 sierpnia 2018 Rockstar
88%
Żabson 1 lutego 2021 Ziomalski Mixtape
88%
Białas 5 sierpnia 2020 H8M5
75%
Sobel 25 czerwca 2020 Kontrast
75%
Bedoes & Lanek 29 listopada 2019 Opowieści Z Doliny Smoków
75%
Kizo 23 października 2020 Posejdon
75%
Quebonafide 1 kwietnia 2020 Romantic Psycho
75%
KęKę 23 kwietnia 2021 SIARA
75%
PRO8L3M 30 marca 2021 Fight Club
63%
White 2115 28 sierpnia 2020 Rockstar: Do Zachodu Słońca
63%
Nie znaleziono quizów pasujących do podanych kryteriów
Rozkład punktacji
Procent ludzi z każdym wynikiem
Percentyl według liczby udzielonych odpowiedzi
Twoja historia wyników
Nie rozwiązałeś tego quizu